00378 2200157 4500001002100000005001500021035002000036245003700056100001700093300002600110260002800136082000800164084001400172020002200186990001200208INLIS00000000000292820250917091040 a0010-09250002751 aLumpuhkan Lukaku /cLonyenk Rap.0 aLonyenk Rap. a284 hlm ;c13 x 19 cm aJakarta :bZettu,c2014 a813 a813 LON l a978-602-1298-07-7 a0755705